Slovensko a terorizmus
Korene terorizmu, druhy a formy terorizmu, kategórie terorizmu. Slovensko a boj proti terorizmu. Terorizmus 21. storočia bude mať charakter viac „skrytej“ ako „otvorenej“ činnosti.
Gespeichert in:
| 1. Verfasser: | |
|---|---|
| Format: | Buchkapitel |
| Sprache: | Slowakisch |
| Schlagworte: | |
| Tags: |
Keine Tags, Fügen Sie das erste Tag hinzu!
|
MARC
| LEADER | 00000nla$a2200000$$$4500 | ||
|---|---|---|---|
| 001 | 0127342 | ||
| 005 | 20240502072442.6 | ||
| 041 | 0 | |a slo | |
| 044 | |a SK | ||
| 245 | 1 | 0 | |a Slovensko a terorizmus |c Helena Bujnová |
| 520 | |a Korene terorizmu, druhy a formy terorizmu, kategórie terorizmu. Slovensko a boj proti terorizmu. Terorizmus 21. storočia bude mať charakter viac „skrytej“ ako „otvorenej“ činnosti. | ||
| 610 | 2 | 0 | |a terorizmus |
| 610 | 2 | 0 | |a Slovensko |
| 100 | 1 | |a Bujnová, Helena | |